Girls' Names in Top 1000-I (2023) - Statistics

General Stats
  • This quiz has been taken 205 times
  • The average score is 14 of 21
Answer Stats
Answer % Correct
Isabel
96%
Isabelle
96%
Isabela
92%
Isabella
92%
Izabella
92%
Ila
85%
Isla
85%
Iyla
85%
Ivey
84%
Ivy
84%
Iris
77%
Indie
75%
Indy
75%
Irene
70%
Ivory
44%
Ivanna
43%
Iliana
40%
Imani
28%
Indigo
25%
Itzel
18%
Inaya
13%
No matching quizzes found
Score Distribution
Percent of People with Each Score
Percentile by Number Answered
Your Score History
You have not taken this quiz